Eastern Utah Libraries Catalog: Duchesne, Heber, Roosevelt, & Vernal

Chu's day / (Record no. 91324)

MARC details
000 -LEADER
fixed length control field 01261cam a2200361 a 4500
001 - CONTROL NUMBER
control field 17354668
005 - DATE AND TIME OF LATEST TRANSACTION
control field 20241220134254.0
092 ## - LOCALLY ASSIGNED DEWEY CALL NUMBER (OCLC)
Classification number GAIMAN
008 - FIXED-LENGTH DATA ELEMENTS--GENERAL INFORMATION
fixed length control field 120620s2013 nyua j 000 1 eng d
010 ## - LIBRARY OF CONGRESS CONTROL NUMBER
LC control number 2012942557
020 ## - INTERNATIONAL STANDARD BOOK NUMBER
International Standard Book Number 9780062017819
020 ## - INTERNATIONAL STANDARD BOOK NUMBER
International Standard Book Number 0062017810
035 ## - SYSTEM CONTROL NUMBER
System control number (OCoLC)ocn795757633
040 ## - CATALOGING SOURCE
Original cataloging agency BTCTA
Language of cataloging eng
Transcribing agency BTCTA
Modifying agency BDX
-- FOLLT
-- WL8
-- IH7
-- CXP
-- YDXCP
-- UIU
-- IEP
-- VP@
-- DLC
042 ## - AUTHENTICATION CODE
Authentication code lcac
-- lccopycat
050 00 - LIBRARY OF CONGRESS CALL NUMBER
Classification number PZ7.G1273
Item number Ch 2013
082 00 - DEWEY DECIMAL CLASSIFICATION NUMBER
Classification number [E]
Edition number 23
100 1# - MAIN ENTRY--PERSONAL NAME
Personal name Gaiman, Neil.
9 (RLIN) 34277
245 10 - TITLE STATEMENT
Title Chu's day /
Statement of responsibility, etc Neil Gaiman ; illustrated by Adam Rex.
250 ## - EDITION STATEMENT
Edition statement 1st ed.
260 ## - PUBLICATION, DISTRIBUTION, ETC. (IMPRINT)
Place of publication, distribution, etc New York :
Name of publisher, distributor, etc Harper,
Date of publication, distribution, etc c2013.
300 ## - PHYSICAL DESCRIPTION
Extent 1 v. (unpaged) :
Other physical details col. ill. ;
Dimensions 25 cm.
521 ## - TARGET AUDIENCE NOTE
Target audience note Ages 4-8.
520 ## - SUMMARY, ETC.
Summary, etc "Chu is a little panda with a big sneeze. When Chu sneezes, bad things happen. Will Chu sneeze today?"--Dust jacket.
650 #1 - SUBJECT ADDED ENTRY--TOPICAL TERM
Topical term or geographic name as entry element Pandas
Form subdivision Fiction.
9 (RLIN) 5700114
650 #1 - SUBJECT ADDED ENTRY--TOPICAL TERM
Topical term or geographic name as entry element Sneezing
Form subdivision Fiction.
9 (RLIN) 5692600
700 1# - ADDED ENTRY--PERSONAL NAME
Personal name Rex, Adam,
Relator term ill.
9 (RLIN) 49584
906 ## - LOCAL DATA ELEMENT F, LDF (RLIN)
a 7
b cbc
c copycat
d 2
e ncip
f 20
g y-gencatlg
925 0# -
-- acquire
-- 2 shelf copies
-- policy default
942 ## - ADDED ENTRY ELEMENTS (KOHA)
Koha item type BOOK
955 ## - COPY-LEVEL INFORMATION (RLIN)
-- xn03 2013-03-22 copy 2 added
998 ## - LOCAL CONTROL INFORMATION (RLIN)
-- a159723
Holdings
Withdrawn status Lost status Source of classification or shelving scheme Damaged status Not for loan Collection code Home library Current library Shelving location Date acquired Source of acquisition Cost, normal purchase price Total Checkouts Total Renewals Full call number Barcode Checked out Date last seen Date checked out Cost, replacement price Price effective from Koha item type
    Dewey Decimal Classification     Children Picture Books Wasatch County Library Wasatch County Library Main Floor Childrens Area 03/08/2013   17.99 45 8 E Gai 34301001136946 04/18/2026 03/10/2026 03/10/2026 17.99 03/20/2020 BOOK
This project was made possible through a grant from the Institute of Museum and Library Service administered by the Utah State Library Division.

Wasatch County Library

  • 465 East 1200 South, Heber City, Utah 84032
  • Phone 435-654-1511 | Fax 435-654-6456

Hours

  • Monday - Friday 9:30 AM - 8:00 PM
  • Saturday 9:30 AM - 1:30 PM
  • Closed Sundays and Holidays